| 000 | 00406nam a22001337a 4500 | ||
|---|---|---|---|
| 020 | _a8176294853 | ||
| 082 |
_a388.40973 _bDEW _cN, 01, P-95 |
||
| 245 |
_aManagement of modern city transportation system _cDewan, K.K |
||
| 260 |
_aDelhi _bDeep and Deep publications _c2004 |
||
| 300 |
_avii, 190 p. : _bill, ; _c20 cm. |
||
| 526 |
_a0 _b0 _c0 _d388_409730000000000_DEW |
||
| 650 |
_aNUST _96342 |
||
| 942 |
_2ddc _cBK |
||
| 999 |
_c542994 _d542994 |
||